Uvažujete nad zlepšením IT? Nazabudnite na cloud trend, na ktorý reagujú všetci významní dodávatelia podnikového SW
Cloud computing, nové možnosti k aplikáciám, integrite, konzistencii procesov a dát. Rozvoj cloudových riešení. Hybridná stratégia prepájajúca procesy v rámci on-demand a on-premise infraštruktúry.
Na minha lista:
| Autor principal: | |
|---|---|
| Formato: | Capítulo de Livro |
| Idioma: | eslovaco |
| Assuntos: | |
| Tags: |
Sem tags, seja o primeiro a adicionar uma tag!
|
MARC
| LEADER | 00000naa a2200000 4500 | ||
|---|---|---|---|
| 001 | 0148809 | ||
| 005 | 20220725111039.1 | ||
| 041 | 0 | |a slo | |
| 044 | |a SK | ||
| 245 | 1 | 0 | |a Uvažujete nad zlepšením IT? Nazabudnite na cloud |b trend, na ktorý reagujú všetci významní dodávatelia podnikového SW |c Peter Mravčák |
| 520 | |a Cloud computing, nové možnosti k aplikáciám, integrite, konzistencii procesov a dát. Rozvoj cloudových riešení. Hybridná stratégia prepájajúca procesy v rámci on-demand a on-premise infraštruktúry. | ||
| 610 | 2 | 0 | |a technológie informačné |
| 610 | 2 | 0 | |a technológie komunikačné |
| 610 | 2 | 0 | |a počítače |
| 610 | 2 | 0 | |a spracovanie dát |
| 610 | 2 | 0 | |a softvér |
| 610 | 2 | 0 | |a systémy informačné |
| 610 | 2 | 0 | |a technológie nové |
| 100 | 1 | |a Mravčák, Peter | |